000 00643nam a2200205 i 4500
001 64337
003 ES-MaACL
005 20230906165115.0
007 t|
008 031223s1969 sp ||||1| spa d
100 1 _aFlottes, Pierre.
_951359
245 1 3 _aEl inconsciente en la historia /
_cPierre Flottes ; [lo tradujo, Ignacio Martín Baró].
260 _aMadrid :
_bGuadarrama,
_c[1969]
300 _a1 v.
490 1 _aPsicología y ciencias humanas ;
_v11
700 1 _aMartín Baró, Ignacio.
_977408
830 0 _aPsicología y ciencias humanas ;
_v11
_9182632
852 _aES-MaACL
_jC-42476
_bR.79469
999 _c64337
_d64337